| 000 | 00368nam a2200145Ia 4500 | ||
|---|---|---|---|
| 008 | 210210b1967 xxu||||| |||| 00| 0 eng d | ||
| 082 | _a796.8152 HARD | ||
| 100 | _aHARRINGTON (A P). | ||
| 245 | _aDefend yourself with Judo. | ||
| 260 |
_aLondon. _bStanley Paul., _c1967 |
||
| 300 | _a128 | ||
| 650 | _aJudo | ||
| 690 | _aAthletic & Outdoor Sports | ||
| 906 | _a028487 | ||
| 999 |
_c79732 _d79732 |
||